000 00665nam a2200241Ia 4500
003 OSt
005 20220926041017.0
006 a|||||r|||| 00| 0
007 ta
008 220923b |||||||| |||| 00| 0 eng d
037 _cGeneral Book
040 _aRTL
_cRTL
_beng
041 _2eng
_aeng
082 _aX:(B), K5
100 _aBrennan Michael J
_9253449
245 0 _aPreface to econometrics
_b An introduction to quanti
250 _a2nd
260 _c1965
490 _aInternational business and management series
650 _aMathematical Economics
942 _hX:(B), K5
_cGB
_2CC
999 _c666195
_d666195